2020 MLB Stat Leaders - Statistics

General Stats
  • This quiz has been taken 101 times
  • The average score is 8 of 15
Answer Stats
Catergories Stats Players % Correct
Most Completed Games 2 CG Trevor Bauer/Gerrit Cole/Aaron Nola/Adam Wainwright
85%
Most Wins 8 Wins Shane Bieber
79%
Lowest ERA 1.63 ERA Shane Bieber
79%
Most Strikeouts 122 Strikeouts Shane Bieber
79%
Most Home runs 22 HR Luke Voit
77%
Most Shutouts 2 Shutouts Trevor Bauer
71%
Most RBI's 60 RBI Jose Abreu
64%
Most Doubles 23 Doubles Freddie Freeman
60%
Highest Batting Average .364 BA DJ LeMahieu
49%
Most Hits 78 Hits Trea Turner
46%
Most Stolen Bases 24 SB Adalberto Mondesi
32%
Most Walks 49 BB Bryce Harper
31%
Most Saves 16 Saves Brad Hand
22%
Most Triples 6 Triples Kyle Tucker
14%
Most Losses 9 Losses Luke Weaver
6%
No matching quizzes found
Score Distribution
Percent of People with Each Score
Percentile by Number Answered
Your Score History
You have not taken this quiz